000 00250nam a2200109Ia 4500
008 190911s9999||||xx |||||||||||||| ||und||
100 _aPhilip Kotler
245 0 _aMarketing Management
260 _aNew Delhi
_bCRC
_c1998
300 _a789
942 _cBK
999 _c6850
_d6850